[Event "EU-chT U18"]
[Site "Terme Catez"]
[Date "2025.07.11"]
[Round "7.4"]
[White "Nunez Gregoire, Daniel"]
[Black "Mocic, Ivano"]
[Result "1/2-1/2"]
[WhiteElo "2249"]
[BlackElo "2133"]
[PlyCount "147"]
[EventDate "2025.07.05"]
[EventType "team-swiss"]
[EventRounds "7"]
[EventCountry "SLO"]
[SourceTitle "CB29_2025"]
[SourceDate "2025.07.16"]
[SourceVersion "1"]
[SourceVersionDate "2025.07.16"]
[SourceQuality "1"]
[WhiteTeam "Germany"]
[BlackTeam "Croatia II"]
[WhiteTeamCountry "GER"]
[BlackTeamCountry "CRO"]

1. d4 Nf6 2. c4 e6 3. Nc3 Bb4 4. Qc2 0-0 5. a3 Bxc3+ 6. Qxc3 d6 7. Nf3 Qe7 8. g3 b6 9. Bg2 Bb7 10. 0-0 Nbd7 11. b4 c5 12. Bb2 Rac8 13. Rac1 Rfe8 14. Rfd1 e5 15. d5 cxb4 16. axb4 Bxd5 17. Nxe5 Nxe5 18. Bxd5 Nxd5 19. Rxd5 Rxc4 20. Qe3 Rxc1+ 21. Bxc1 Nc4 22. Qxe7 Rxe7 23. Bf4 Rxe2 24. Bxd6 f6 25. b5 Kf7 26. Bb8 Re7 27. Rd4 Ne5 28. Ra4 Rb7 29. Bxe5 fxe5 30. f4 exf4 31. gxf4 Ke6 32. Re4+ Kd5 33. Re5+ Kc4 34. Kf2 Rd7 35. h4 g6 36. h5 Rd5 37. hxg6 hxg6 38. Re7 Rd2+ 39. Ke3 Rd6 40. Rxa7 Kxb5 41. Ra1 Kc5 42. Rc1+ Kb4 43. Rb1+ Kc3 44. Ke4 Re6+ 45. Kd5 Rf6 46. Ke4 Kc4 47. Rc1+ Kb5 48. Rb1+ Kc6 49. Rc1+ Kb7 50. Rb1 Rf5 51. Rg1 Rf6 52. Rb1 Rc6 53. Rb2 Rc4+ 54. Ke5 Rc5+ 55. Kd4 Rf5 56. Ke4 Kc6 57. Rg2 Rf6 58. Kd3 Kc5 59. Kc3 Rxf4 60. Rxg6 Rf3+ 61. Kb2 b5 62. Rg4 b4 63. Rg8 Rf2+ 64. Kb3 Rf3+ 65. Kb2 Rh3 66. Rc8+ Kb5 67. Rb8+ Kc4 68. Rc8+ Kd5 69. Rd8+ Kc6 70. Rc8+ Kb7 71. Rc4 b3 72. Rb4+ Kc6 73. Rxb3 Rxb3+ 74. Kxb3 1/2-1/2

[Event "Wch U14"]
[Site "Florianopolis"]
[Date "2024.11.06"]
[Round "8"]
[White "Nunez Gregoire, Daniel"]
[Black "Abad Huaman, Adrian Estiven"]
[Result "1-0"]
[WhiteElo "2172"]
[BlackElo "1990"]
[PlyCount "75"]
[EventDate "2024.10.29"]
[EventType "swiss"]
[EventRounds "11"]
[EventCountry "BRA"]
[SourceTitle "CB45_2024"]
[Source "ChessBase"]
[SourceDate "2024.11.06"]
[SourceVersion "1"]
[SourceVersionDate "2024.11.06"]
[SourceQuality "1"]

1. d4 Nf6 2. c4 e6 3. Nf3 b6 4. Nc3 Bb4 5. Qc2 c5 6. a3 Bxc3+ 7. Qxc3 Ne4 8. Qc2 Bb7 9. dxc5 bxc5 10. Nd2 Nxf2 11. Kxf2 Qh4+ 12. g3 Qd4+ 13. e3 Qf6+ 14. Kg1 Bxh1 15. Kxh1 Nc6 16. Kg2 h5 17. Ne4 Qe5 18. h4 Rb8 19. Rb1 Ke7 20. Bd2 f5 21. Ng5 d5 22. Nf3 Qd6 23. cxd5 Qxd5 24. e4 Qd6 25. exf5 e5 26. Bg5+ Kd7 27. Bc4 Kc7 28. b3 Rhe8 29. Rd1 Qf8 30. Qe4 Nd4 31. Nxd4 exd4 32. Bf4+ Kb6 33. Be6 Rbd8 34. b4 cxb4 35. axb4 d3 36. Be3+ Kc7 37. Rc1+ Kb8 38. Bf4+ 1-0

[Event "Wch U14"]
[Site "Florianopolis"]
[Date "2024.10.29"]
[Round "1"]
[White "Flesch, Lucas Henrique Ye"]
[Black "Nunez Gregoire, Daniel"]
[Result "0-1"]
[WhiteElo "1766"]
[BlackElo "2172"]
[PlyCount "95"]
[EventDate "2024.10.29"]
[EventType "swiss"]
[EventRounds "11"]
[EventCountry "BRA"]
[SourceTitle "CB45_2024"]
[Source "ChessBase"]
[SourceDate "2024.11.06"]
[SourceVersion "1"]
[SourceVersionDate "2024.11.06"]
[SourceQuality "1"]

1. e4 e5 2. Nf3 Nc6 3. Bc4 Bc5 4. c3 Nf6 5. d4 exd4 6. e5 d5 7. Bb5 Ne4 8. cxd4 Bb4+ 9. Bd2 Nxd2 10. Nbxd2 0-0 11. 0-0 Bg4 12. Nb3 f6 13. Be2 Re8 14. a3 Bf8 15. Re1 a5 16. h3 Bh5 17. Rc1 Bf7 18. Bb5 Re6 19. Nc5 Bxc5 20. Rxc5 Na7 21. Bd3 b6 22. Rc3 g6 23. Qc1 c6 24. a4 Qe7 25. Qc2 fxe5 26. Rxe5 Rc8 27. Ba6 Rc7 28. Rce3 Rxe5 29. Nxe5 Qb4 30. Nxf7 Rxf7 31. Re8+ Kg7 32. Qd3 Qxb2 33. Qe3 Qb1+ 34. Bf1 Qf5 35. g3 b5 36. h4 bxa4 37. Bd3 Qf3 38. Qe5+ Qf6 39. Qe1 Qxd4 40. Bb1 Nb5 41. h5 Nc3 42. Bc2 a3 43. hxg6 hxg6 44. Re6 a2 45. Rxg6+ Kf8 46. Re6 Qxf2+ 47. Qxf2 Rxf2 48. Kxf2 0-1

[Event "GER-chT Lands U20"]
[Site "Tuebingen"]
[Date "2024.10.06"]
[Round "7"]
[White "Haug, Mara"]
[Black "Nunez Gregoire, Daniel"]
[Result "1/2-1/2"]
[WhiteElo "1958"]
[BlackElo "2154"]
[PlyCount "55"]
[EventDate "2024.10.03"]
[EventType "team-swiss"]
[EventRounds "7"]
[EventCountry "GER"]
[SourceTitle "CB47_2024"]
[SourceDate "2024.11.20"]
[SourceVersion "1"]
[SourceVersionDate "2024.11.20"]
[SourceQuality "1"]

1. e4 e5 2. Nc3 Nf6 3. g3 d5 4. exd5 Nxd5 5. Bg2 Nxc3 6. bxc3 Bd6 7. Nf3 Nc6 8. 0-0 0-0 9. d3 Bd7 10. Nd2 Rb8 11. a4 Ne7 12. Nc4 Bc6 13. Bxc6 Nxc6 14. Be3 f5 15. f4 exf4 16. Bxf4 Bxf4 17. Rxf4 Qf6 18. Qd2 g5 19. Rf3 Rf7 20. Raf1 Qg6 21. Kh1 b6 22. d4 Re8 23. Qf2 Qe6 24. Rxf5 Rxf5 25. Qxf5 Qxc4 26. Qxg5+ Kh8 27. Qf6+ Kg8 28. Qg5+ 1/2-1/2

[Event "Bamberg op 6th"]
[Site "Bamberg"]
[Date "2024.09.07"]
[Round "5"]
[White "Boehme, Sebastian1"]
[Black "Nunez Gregoire, Daniel"]
[Result "1-0"]
[WhiteElo "2286"]
[BlackElo "2154"]
[PlyCount "35"]
[EventDate "2024.09.04"]
[EventType "swiss"]
[EventRounds "7"]
[EventCountry "GER"]
[SourceTitle "EXT 2025"]
[Source "ChessBase"]
[SourceDate "2024.10.14"]
[SourceVersion "1"]
[SourceVersionDate "2024.10.14"]
[SourceQuality "1"]

1. d4 d5 2. Nf3 Nf6 3. a3 c6 4. Bd2 Bf5 5. c4 h6 6. Nc3 e6 7. Qb3 b6 8. Bf4 Ne4 9. cxd5 exd5 10. Rc1 g5 11. Bxb8 Rxb8 12. Ne5 Qf6 13. Nxd5 cxd5 14. Qb5+ Kd8 15. Qxd5+ Ke8 16. Qb5+ Kd8 17. Nc6+ Kc7 18. Nxb8+ 1-0

[Event "Bamberg op 6th"]
[Site "Bamberg"]
[Date "2024.09.04"]
[Round "1"]
[White "Savchuk, Alexander"]
[Black "Nunez Gregoire, Daniel"]
[Result "0-1"]
[WhiteElo "1950"]
[BlackElo "2154"]
[PlyCount "138"]
[EventDate "2024.09.04"]
[EventType "swiss"]
[EventRounds "7"]
[EventCountry "GER"]
[SourceTitle "EXT 2025"]
[Source "ChessBase"]
[SourceDate "2024.10.14"]
[SourceVersion "1"]
[SourceVersionDate "2024.10.14"]
[SourceQuality "1"]

1. e4 e5 2. Nf3 Nc6 3. Bc4 Bc5 4. c3 Nf6 5. d3 d6 6. 0-0 h6 7. Nbd2 Bb6 8. Bb3 a6 9. Nc4 Ba7 10. Be3 b5 11. Ncd2 0-0 12. Bxa7 Rxa7 13. Re1 a5 14. a4 b4 15. d4 bxc3 16. bxc3 exd4 17. cxd4 Nb4 18. Nf1 Re8 19. e5 Nfd5 20. Ne3 Be6 21. Rc1 Qa8 22. h3 Rb8 23. exd6 cxd6 24. Nh4 Nxe3 25. Rxe3 Bxb3 26. Rxb3 Qd5 27. Rg3 f5 28. Ng6 Rf7 29. Qd2 Kh7 30. Re1 Rf6 31. Nf4 Qf7 32. Qe2 Nd5 33. Nxd5 Qxd5 34. Qe7 Rf7 35. Qe6 Qxe6 36. Rxe6 Rd7 37. Rgg6 d5 38. Rd6 Rb1+ 39. Kh2 Re7 40. Rge6 Rxe6 41. Rxe6 Rb4 42. Ra6 Rxa4 43. Kg3 g5 44. f4 Rxd4 45. Rxa5 gxf4+ 46. Kf3 Kg6 47. Ra6+ Kg5 48. h4+ Kxh4 49. Rxh6+ Kg5 50. Rd6 Rd3+ 51. Ke2 Rd4 52. Kf3 Rd2 53. Rc6 d4 54. Rd6 Rd3+ 55. Kf2 f3 56. gxf3 Kf4 57. Ke2 Re3+ 58. Kd2 Kxf3 59. Rxd4 f4 60. Rd8 Kf2 61. Rf8 Re2+ 62. Kd1 f3 63. Rf7 Re8 64. Kd2 Kg2 65. Rg7+ Kf1 66. Rf7 f2 67. Rf6 Rd8+ 68. Ke3 Ke1 69. Rxf2 Re8+ 0-1

[Event "GER-ch U14"]
[Site "Willingen"]
[Date "2024.05.22"]
[Round "5"]
[White "Nunez Gregoire, Daniel"]
[Black "Herrmann, Jakob"]
[Result "1-0"]
[WhiteElo "1960"]
[BlackElo "2060"]
[PlyCount "115"]
[EventDate "2024.05.19"]
[EventType "swiss"]
[EventRounds "9"]
[EventCountry "GER"]
[SourceTitle "CBM 220 Extra"]
[Source "ChessBase"]
[SourceDate "2024.07.31"]
[SourceVersion "1"]
[SourceVersionDate "2024.07.31"]
[SourceQuality "1"]

1. d4 d5 2. c4 e6 3. cxd5 exd5 4. Nc3 c6 5. Nf3 Bf5 6. Bg5 Qb6 7. Na4 Bb4+ 8. Bd2 Qa5 9. Nc3 Nf6 10. a3 Bxc3 11. Bxc3 Qb6 12. Nd2 0-0 13. e3 Re8 14. Be2 Nbd7 15. 0-0 Ne4 16. Nxe4 Bxe4 17. Qd2 Qd8 18. f3 Bg6 19. Bd3 Qg5 20. Bxg6 hxg6 21. Rfe1 Qf5 22. Re2 Re6 23. Rd1 Rae8 24. Qc1 g5 25. h3 Qg6 26. Be1 f5 27. Bg3 g4 28. Kf2 Nf6 29. Be5 Nh5 30. Rg1 Qg5 31. hxg4 fxg4 32. f4 Qf5 33. Qc2 g3+ 34. Ke1 Qf7 35. Rh1 Rh6 36. Rh3 Qd7 37. Kd1 b6 38. Re1 Qg4+ 39. Qe2 Qf5 40. Kd2 g6 41. Qd3 Kf7 42. Reh1 Ke6 43. Qxf5+ Kxf5 44. Rxg3 Nxg3 45. Rxh6 Re6 46. Kd3 a5 47. a4 c5 48. dxc5 bxc5 49. Rh8 Rb6 50. Rf8+ Kg4 51. Rd8 Rb3+ 52. Bc3 c4+ 53. Kd2 Nf1+ 54. Ke2 Ng3+ 55. Ke1 Ne4 56. Rxd5 Nxc3 57. bxc3 Rxc3 58. Kd2 1-0

[Event "GER-ch U14"]
[Site "Willingen"]
[Date "2024.05.19"]
[Round "1"]
[White "Henn, Jakob"]
[Black "Nunez Gregoire, Daniel"]
[Result "0-1"]
[WhiteElo "1759"]
[BlackElo "1960"]
[PlyCount "82"]
[EventDate "2024.05.19"]
[EventType "swiss"]
[EventRounds "9"]
[EventCountry "GER"]
[SourceTitle "CBM 220 Extra"]
[Source "ChessBase"]
[SourceDate "2024.07.31"]
[SourceVersion "1"]
[SourceVersionDate "2024.07.31"]
[SourceQuality "1"]

1. e4 e5 2. Nf3 Nc6 3. Bc4 Bc5 4. 0-0 Nf6 5. d4 exd4 6. e5 d5 7. exf6 dxc4 8. fxg7 Rg8 9. Re1+ Be6 10. Bg5 Be7 11. Bxe7 Qxe7 12. Nxd4 Rd8 13. c3 Nxd4 14. cxd4 c6 15. Na3 b5 16. Qf3 Rd5 17. Nc2 Qd6 18. a4 Rxg7 19. Ne3 Kf8 20. axb5 cxb5 21. Rxa7 Rg6 22. g3 Rxd4 23. Nf5 Bxf5 24. Qxf5 Qd5 25. Qc8+ Qd8 26. Qc5+ Qd6 27. Qf5 Qd5 28. Qc8+ Qd8 29. Qc5+ Qd6 30. Qxb5 Kg7 31. Qe8 Qd5 32. Ra8 Rd1 33. Qf8+ Kf6 34. Ra6+ Kg5 35. Qe7+ Kh6 36. Qf8+ Kg5 37. h4+ Kg4 38. Rxg6+ Kh3 39. Qc8+ f5 40. Qxf5+ Qxf5 41. Rxd1 Qf3 0-1